Царствование Николая II

מידע ביבליוגרפי
מחבר ראשי: Ольденбург С. С. Сергей Сергеевич
סיכום:В середине 1920-х годов Высший монархический совет заказал проживавшему в Париже профессору С.С. Ольденбургу научный труд по истории правления последнего российского императора Николая II. Ольденбург имел уникальную возможность изучить копии исторических актов, хранившихся в посольстве России во Франции. Работа над книгой была закончена в 1940 году.Ученый глубоко положительно оценивает личность Николая II («...человек духовно одаренный, благородного образа мыслей, осмотрительный и тактичный») и его правление.
שפה:רוסית
יצא לאור: Москва, АСТ, 2008
סדרה:Историческая библиотека
נושאים:
פורמט: ספר
KOHA link:https://koha.lib.tpu.ru/cgi-bin/koha/opac-detail.pl?biblionumber=154195

MARC

LEADER 00000nam0a2200000 4500
001 154195
005 20260227130850.0
010 |a 9785170514618  |b (АСТ) (в пер.)  |b 1500 экз.  |b (Астрель)  |b (АСТ) (в пер.)  |b 1500 экз.  |b (Астрель) 
010 |a 978-5-271-20684-9 
010 |a 978-5-17-051460-1 
010 |a 978-5-271-20683-2 
035 |a (RuTPU)RU\TPU\book\167256 
090 |a 154195 
100 |a 20080808d2008 km y0rusy5002 ca 
101 0 |a rus 
102 |a RU 
105 |a y z 000yb 
200 1 |a Царствование Николая II  |f С. С. Ольденбург 
210 |a Москва  |c АСТ  |c Астрель  |d 2008 
215 |a 764, [2] с.  |d 21 см. 
225 1 |a Историческая библиотека 
330 |a В середине 1920-х годов Высший монархический совет заказал проживавшему в Париже профессору С.С. Ольденбургу научный труд по истории правления последнего российского императора Николая II. Ольденбург имел уникальную возможность изучить копии исторических актов, хранившихся в посольстве России во Франции. Работа над книгой была закончена в 1940 году.Ученый глубоко положительно оценивает личность Николая II («...человек духовно одаренный, благородного образа мыслей, осмотрительный и тактичный») и его правление. 
600 0 |a Николай  |d II  |f 1868-1918  |c последний российский император из династии Романовых (1894-1917)  |2 stltpush  |3 (RuTPU)RU\TPU\pers\336 
606 |a Деятели общественные и государственные  |x Персоналии  |y Россия  |z 1885-1917  |9 89190 
610 1 |a Россия 
610 1 |a 19 век 
610 1 |a 20 век 
610 1 |a самодержавие 
610 1 |a думская монархия 
610 1 |a Первая мировая война 1914-1918 
686 |a Т3(2)53  |2 rubbk 
700 1 |a Ольденбург  |b С. С.  |g Сергей Сергеевич  |4 070 
801 1 |a RU  |b 63413507  |c 20090224  |g PSBO 
801 2 |a RU  |b 63413507  |c 20090826  |g PSBO 
942 |c BK